The six wives of Henry VIII - Statistics

General Stats
  • This quiz has been taken 25 times
  • The average score is 6 of 15
Answer Stats
Question Answer % Correct
Which Queen gave Henry VIII a son? Jane Seymour
81%
Which Queen is buried beside Henry? Jane Seymour
81%
Which wife was married to Henry the longest? Katherine of Aragon
81%
Which child did Jane Seymour reconcile to Henry? Mary
81%
Who was executed on Katheryn Howard's wedding day? Thomas Cromwell
33%
When was Katherine of Aragon banished from court? 1531
29%
How many years did Anne Boleyn spend in France? Seven
24%
How long were Anne of Cleves and Henry married? Six months
24%
What title was bestowed upon Anne of Cleves after her divorce? The kings sister
24%
Who did Katherine Parr marry after Henry VIII's death? Thomas Seymour
24%
How many books did Katherine Parr publish under her own name? Three
24%
Which two wives were executed? Anne Boleyn and Katheryn Howard
19%
Which Queens did Jane Seymour serve? Katherine of Aragon and Anne Boleyn
19%
When was Katherine of Aragon regent? 1513
14%
Where are Anne Boleyn and Katheryn Howard buried? St Peter Ad Vincula
10%
No matching quizzes found
Score Distribution
Percent of People with Each Score
Percentile by Number Answered
Your Score History
You have not taken this quiz